Presupuestos con Microsoft Excel: utilizando herramientas en Microsft Excel. Nociones básicas

Na minha lista:
Detalhes bibliográficos
Autor principal: Rodríguez, Mariano (Author)
Formato: Livro
Idioma:espanhol
Publicado em: Buenos Aires Omicron System 2003
Assuntos:
Tags: Adicionar Tag
Sem tags, seja o primeiro a adicionar uma tag!

MARC

LEADER 00000nam a2200000 a 4500
001 UCL7708
003 CL-VaPUC
008 040528e20030000AG |||||||||||||||||spa|d
020 |a 9871046219 
082 0 4 |a 658.151  |b ROD  |2 21 
100 0 |a Rodríguez, Mariano  |e author  |9 485589 
245 1 0 |a Presupuestos con Microsoft Excel: utilizando herramientas en Microsft Excel. Nociones básicas 
300 |a 142 p 
942 |c BK 
945 |d 20040528 00:00:00  |a cmena 
260 |a Buenos Aires  |b Omicron System  |c 2003 
650 0 |a Administración de empresas   |9 260833 
650 7 |a ESTADOS FINANCIEROS  |2 CL-VaPUC  |9 485590 
650 7 |a GESTION DE PRESUPUESTOS  |2 CL-VaPUC  |9 413288 
650 7 |a COSTOS DE OPERACION  |2 CL-VaPUC  |9 260936 
650 0 |a Aplicaciones de computadores  |9 260401 
650 7 |a PLANILLAS ELECTRONICAS  |2 CL-VaPUC  |9 485591 
650 7 |a EXCEL  |2 CL-VaPUC  |9 397885 
583 |a last modification  |c 20040528 00:00:00  |k Rodrigo Vera 
999 |c 309332  |d 309330 
952 |0 0  |1 0  |4 0  |6 658_151000000000000_ROD_2003  |7 0  |8 A  |9 376758  |a BIBGIM  |b BIBGIM  |d 2019-11-21  |i 4021177  |o 658.151 ROD 2003  |p 4021177  |r 2025-01-15  |w 2019-11-21  |y BK  |k COM